|
|
|
|
| LEADER |
00722nam a22001931a 4500 |
| 082 |
|
|
|a H300 7
|b SUV/A
|
| 100 |
|
|
|a Suvas Kumar
|9 162559
|
| 245 |
|
|
|a Anchalikata, yatharthvad aur Phanishwarnath Renu/
|c by Suvas Kumar.
|
| 260 |
|
|
|a Delhi:
|b Sahitya Sahakar,
|c 1998.
|
| 300 |
|
|
|a 155p.
|
| 650 |
|
|
|a Stories Phaneeswarnath Study
|9 162560
|
| 650 |
|
|
|a Stories Hindi Study
|9 162561
|
| 650 |
|
|
|a Novel Phaneeswarnath Study
|9 162562
|
| 650 |
|
|
|a Novel Hindi Study
|9 162563
|
| 650 |
|
|
|a Literature Hindi
|9 162564
|
| 650 |
|
|
|a Literature
|9 162565
|
| 942 |
|
|
|c BK
|
| 999 |
|
|
|c 2101
|d 2101
|
| 952 |
|
|
|0 0
|1 0
|4 0
|6 H_300_700000000000000_SUV_A
|7 0
|9 3253
|a SSUS
|b SSUS
|d 2015-01-08
|g 150.00
|l 2
|o H300 7 SUV/A
|p 011309
|r 2015-07-07
|s 2015-07-03
|v 0.00
|w 2015-01-08
|y BK
|